Renacuajos colombianos de Sphaenorhynchus (Hylidae) : descripciones, anotaciones sistemáticas y ecológicas (Registro nro. 15562)

Detalles MARC
000 -CABECERA
Campo de control 004560000a22001210004500
090 ## - CLASIFICACIÓN LOCAL
Colección AS
Consecutivo Seriadas
041 0# - IDIOMA
Código de idioma para texto/pista de sonido o título separado
100 1# - ASIENTO PRINCIPAL--NOMBRE PERSONAL
Nombre personal Suárez Mayorga, Angela
245 10 - MENCION DE TITULO
Título Renacuajos colombianos de Sphaenorhynchus (Hylidae) : descripciones, anotaciones sistemáticas y ecológicas
700 1# - ASIENTO SECUNDARIO - NOMBRE PERSONAL
Nombre personal Lynch, John D.
773 1# - Item fuente:
Título Revista de Academia Colombiana de Ciencias Exactas, Físicas y Naturales
Descripción física 96
Paginas del Articulo 411-419
Lugar, editorial y fecha de publicación 2001
Información sobre la relación 25
942 ## - ELEMENTOS ADICIONALES (KOHA)
Tipo de ítem Artículo

No hay ítems disponibles.